00370nam a2200157Ia 45000010006000000050017000060080041000230410008000640820016000721000027000882450038001152600009001533000034001626500008001966540008002041393520260306164837.0260306t1995||||xx |||||||||||||| ||spa|| aESP a005.73bA43 aAllen Weiss, MarkeAUT 0aEstructuras de datos y algoritmos c1995 axvii, 489 páginas :c23 cm. aGEN aCCC